000 00557nam a2200193Ia 4500
008 140619t2012 xxu||||| |||| 00| 0 sin d
041 _asin
080 _a8-31 ( eng )
_bHIG
100 _aHigins,Jake
245 _aඅභිරහස් සබ්මැරීනය
246 _aAbhirahs Sabmareenaya
260 _aWasana
_aDankotuwa
_c2012
300 _b208p, 21 cm
500 _aSinhalese Transhlation Of Jake Higins Of Thander Point
700 _aSamarakoon,Gamini
_etr.
942 _cBK
999 _c42661
_d42661
003 LK-CoDNM
040 _aLK-CoDNM
_dLK-CoDNM
_eLK-CoDNM